000 00304nam a22001337a 4500
008 250311b |||||||| |||| 00| 0 eng d
020 _a9781264795673
040 _a02
100 _aPETER,J.
245 _aHARPER'S ILLUSTRATED
260 _aNEW YARK
_bMC GRAW HILL
_c2023
300 _a802
942 _c01
999 _c65356
_d65356